000 00460nam a2200181Ia 4500
001 18531
005 20260306171637.0
008 260306s9999||||xx |||||||||||||| ||und||
041 _aESP
082 _a658.4063
_bS29
100 _aSchilling, Melissa A.
_eAUT
245 0 _aDirección estratégica de la innovación tecnológica
260 _c2008
300 _axv, 313 páginas :
_c24 cm.
650 _aGEN
654 _aCAN
942 _cLIB
_dJUS
_fJUS
_2ddc
_n
999 _c18531
_d18531